[Event "COL-chT (Women)"]
[Site "Risaralda"]
[Date "2023.11.21"]
[Round "5.3"]
[White "Guerra Verano, Diana"]
[Black "Durango Gomez, Daniela Andrea"]
[Result "1-0"]
[WhiteElo "1651"]
[BlackElo "1454"]
[PlyCount "113"]
[EventDate "2023.11.19"]
[EventType "team-swiss"]
[EventRounds "7"]
[EventCountry "COL"]
[SourceTitle "CB49_2023"]
[SourceDate "2023.12.06"]
[SourceVersion "1"]
[SourceVersionDate "2023.12.06"]
[SourceQuality "1"]
[WhiteTeam "Bogota (W)"]
[BlackTeam "Cordoba (W)"]
[WhiteTeamCountry "COL"]
[BlackTeamCountry "COL"]

1. e4 e5 2. Nf3 Nc6 3. d4 exd4 4. Bc4 Nf6 5. e5 Ne4 6. Bd5 Bb4+ 7. Bd2 Bxd2+ 8. Nbxd2 Nxd2 9. Qxd2 0-0 10. 0-0-0 a5 11. a3 Nb4 12. axb4 axb4 13. Qxb4 c6 14. Bb3 b5 15. Qxd4 d5 16. c3 Bf5 17. Kd2 Qe7 18. Ra1 c5 19. Qh4 Qd7 20. Rhc1 b4 21. cxb4 c4 22. Bd1 Rab8 23. Qd4 Rxb4 24. Nh4 Be6 25. Nf3 h6 26. Ke1 Qb7 27. Ra2 c3 28. Qxc3 Re4+ 29. Kf1 Qb5+ 30. Kg1 d4 31. Ra5 Qb6 32. Qd2 Rd8 33. Rca1 Bd5 34. h3 Bc4 35. Ra8 d3 36. Rxd8+ Qxd8 37. Ra4 Qd5 38. b3 Bb5 39. Rxe4 Qxe4 40. Qe3 Qd5 41. Kh2 Qe6 42. Nd4 Qe8 43. Nxb5 Qxb5 44. Qd4 g6 45. b4 h5 46. Bb3 d2 47. Qxd2 Qxe5+ 48. f4 Qc7 49. h4 Qc8 50. Qd5 Qc7 51. g3 Qa7 52. Kg2 Qc7 53. b5 Qe7 54. Qxf7+ Qxf7 55. Bxf7+ Kxf7 56. b6 Ke8 57. b7 1-0

[Event "Manizales op 28th"]
[Site "Manizales"]
[Date "2023.01.09"]
[Round "8"]
[White "Guerra Verano, Diana"]
[Black "Pazos Gambarrotti, Plinio Efrain"]
[Result "0-1"]
[WhiteElo "1583"]
[BlackElo "2030"]
[PlyCount "90"]
[EventDate "2023.01.05"]
[EventType "swiss"]
[EventRounds "8"]
[EventCountry "COL"]
[SourceTitle "CBM 212 Extra"]
[Source "ChessBase"]
[SourceDate "2023.03.31"]
[SourceVersion "1"]
[SourceVersionDate "2023.03.31"]
[SourceQuality "1"]

1. e4 e5 2. Nf3 Nc6 3. d4 exd4 4. Nxd4 Qh4 5. Nb5 Bc5 6. Qe2 Nd4 7. Nxd4 Bxd4 8. Nd2 Qe7 9. Nb3 Bb6 10. f3 d6 11. Bd2 Nf6 12. Bc3 0-0 13. 0-0-0 Re8 14. Qd2 Be6 15. Nd4 Bd7 16. Bc4 Rad8 17. Rhe1 Bc8 18. Kb1 d5 19. Nf5 Bxf5 20. exf5 Be3 21. Bxf6 gxf6 22. Rxe3 Qxe3 23. Qxe3 Rxe3 24. Bd3 Rde8 25. Kc1 Re1 26. Kd2 Rxd1+ 27. Kxd1 Kf8 28. Kd2 Ke7 29. b4 Kd6 30. g3 c6 31. a4 b6 32. c3 c5 33. b5 c4 34. Bc2 Kc5 35. Bb1 d4 36. Be4 h5 37. Kc2 Rd8 38. Kd2 dxc3+ 39. Kxc3 Rd1 40. Bc6 Rc1+ 41. Kd2 Ra1 42. Be8 Kd4 43. Bxf7 Ra2+ 44. Kd1 Rxh2 45. Be8 Kd3 0-1

[Event "COL-ch Blitz (Women)"]
[Site "Villavicencio"]
[Date "2021.11.15"]
[Round "6"]
[White "Chirivi Castiblanco, Angie Lizeth"]
[Black "Guerra Verano, Diana"]
[Result "1-0"]
[WhiteElo "1977"]
[BlackElo "1702"]
[PlyCount "97"]
[EventDate "2021.11.15"]
[EventType "swiss (blitz)"]
[EventRounds "13"]
[EventCountry "COL"]
[SourceTitle "CBM 205 Extra"]
[Source "ChessBase"]
[SourceDate "2022.01.31"]
[SourceVersion "1"]
[SourceVersionDate "2022.01.31"]
[SourceQuality "1"]

1. Nf3 d5 2. g3 Bg4 3. Ne5 Bf5 4. d4 c6 5. Bg2 Nf6 6. b3 Nbd7 7. Bb2 e6 8. 0-0 Bd6 9. Nd2 0-0 10. h3 Qc7 11. Nxd7 Nxd7 12. e4 dxe4 13. Nxe4 Be7 14. c4 Nf6 15. Nd2 Rad8 16. Rc1 b6 17. Re1 c5 18. d5 exd5 19. Qe2 Be6 20. Be5 Qd7 21. cxd5 Nxd5 22. Nc4 Nf6 23. Ba1 Rfe8 24. Ne5 Qc8 25. Kh2 Bd5 26. Bxd5 Nxd5 27. Qf3 Bf6 28. Ng4 Bxa1 29. Rxa1 Rxe1 30. Rxe1 Nc7 31. Re7 Rf8 32. Ne5 Ne6 33. Rxf7 Kh8 34. Qg4 h6 35. Ng6+ Kh7 36. Nxf8+ Qxf8 37. Rxf8 Nxf8 38. Qc8 Ng6 39. Qb7 Ne5 40. Qxa7 Nf3+ 41. Kg2 Nd4 42. Qxb6 Ne2 43. a4 Nc3 44. a5 Ne4 45. a6 c4 46. bxc4 Nd2 47. a7 Nxc4 48. Qd4 Na3 49. Qd3+ 1-0

[Event "COL-ch Blitz (Women)"]
[Site "Villavicencio"]
[Date "2021.11.15"]
[Round "9"]
[White "Guerra Verano, Diana"]
[Black "Suarez Ardila, Luisa Maria"]
[Result "0-1"]
[WhiteElo "1702"]
[BlackElo "1608"]
[PlyCount "106"]
[EventDate "2021.11.15"]
[EventType "swiss (blitz)"]
[EventRounds "13"]
[EventCountry "COL"]
[SourceTitle "CBM 205 Extra"]
[Source "ChessBase"]
[SourceDate "2022.01.31"]
[SourceVersion "1"]
[SourceVersionDate "2022.01.31"]
[SourceQuality "1"]

1. e4 c5 2. Nf3 g6 3. c3 Nc6 4. d4 cxd4 5. cxd4 d6 6. Nc3 Bg7 7. Be3 Nf6 8. h3 0-0 9. Be2 Bd7 10. 0-0 a6 11. Rc1 Rc8 12. Qd2 Nh5 13. Bh6 e6 14. Bxg7 Nxg7 15. Rfd1 f5 16. e5 d5 17. Ng5 f4 18. Nf3 Ne7 19. Bd3 g5 20. Nxg5 Ng6 21. Nf3 Nf5 22. Ne2 Nfh4 23. Bxg6 Nxf3+ 24. gxf3 hxg6 25. Nxf4 Qg5+ 26. Ng2 Qxd2 27. Rxd2 Rxc1+ 28. Kh2 Rxf3 29. Nh4 Rf7 30. Nxg6 Rg7 31. Nf4 Rf7 32. Nh5 Rf1 33. Nf6+ Kf8 34. Kg2 Ra1 35. a3 Bc6 36. f4 Ke7 37. Kg3 Rxf6 38. exf6+ Kxf6 39. Rg2 Rb1 40. h4 Be8 41. Kg4 Bg6 42. h5 Bf5+ 43. Kg3 Rh1 44. Rf2 Rxh5 45. Rf1 Rh3+ 46. Kf2 Rd3 47. Rc1 Rxd4 48. Ke3 Rd3+ 49. Ke2 Rb3 50. Rc7 Rxb2+ 51. Ke3 Rb3+ 52. Kd4 b6 53. Rc6 Rd3# 0-1

[Event "COL-ch Rapid (Women)"]
[Site "Villavicencio"]
[Date "2021.11.14"]
[Round "7"]
[White "Castrillon Gomez, Melissa"]
[Black "Guerra Verano, Diana"]
[Result "1-0"]
[WhiteElo "2150"]
[BlackElo "1621"]
[PlyCount "43"]
[EventDate "2021.11.13"]
[EventType "swiss (rapid)"]
[EventRounds "9"]
[EventCountry "COL"]
[SourceTitle "CBM 205 Extra"]
[Source "ChessBase"]
[SourceDate "2022.01.31"]
[SourceVersion "1"]
[SourceVersionDate "2022.01.31"]
[SourceQuality "1"]

1. Nf3 d5 2. c4 dxc4 3. e3 Nf6 4. Bxc4 Bg4 5. Bxf7+ Kxf7 6. Ne5+ Ke8 7. Nxg4 Nbd7 8. d4 c5 9. 0-0 cxd4 10. exd4 Nxg4 11. Qxg4 Nf6 12. Qf3 Qd7 13. Nc3 g6 14. Ne4 Nxe4 15. Qxe4 Bg7 16. Bg5 Rf8 17. Qh4 Qf5 18. Bxe7 Rf7 19. Rae1 Kd7 20. d5 a6 21. Qb4 Re8 22. Qxb7# 1-0

[Event "COL-ch Rapid (Women)"]
[Site "Villavicencio"]
[Date "2021.11.14"]
[Round "6"]
[White "Guerra Verano, Diana"]
[Black "Bernal Parra, Eliana Valentina"]
[Result "1-0"]
[WhiteElo "1621"]
[BlackElo "1619"]
[PlyCount "48"]
[EventDate "2021.11.13"]
[EventType "swiss (rapid)"]
[EventRounds "9"]
[EventCountry "COL"]
[SourceTitle "CBM 205 Extra"]
[Source "ChessBase"]
[SourceDate "2022.01.31"]
[SourceVersion "1"]
[SourceVersionDate "2022.01.31"]
[SourceQuality "1"]

1. e4 c5 2. Nf3 Nc6 3. c3 e6 4. d4 cxd4 5. cxd4 d5 6. e5 Bb4+ 7. Nc3 Nge7 8. Bd3 Ng6 9. 0-0 0-0 10. Be3 a6 11. Qc2 Bd7 12. Ng5 Be7 13. Qd2 b5 14. a3 Na5 15. f4 Nb3 16. Qe2 Nxa1 17. Rxa1 f5 18. exf6 Bxf6 19. Nxh7 Be8 20. Qh5 Nxf4 21. Nxf6+ Qxf6 22. Qh7+ Kf7 23. Rf1 Ke7 24. Rxf4 Qxf4 1-0

[Event "COL-chT Interligas (Women)"]
[Site "Palmira"]
[Date "2019.04.29"]
[Round "5.3"]
[White "Dominguez, Laura Lucia"]
[Black "Guerra Verano, Diana"]
[Result "1-0"]
[WhiteElo "1968"]
[BlackElo "1592"]
[PlyCount "49"]
[EventDate "2019.04.27"]
[EventType "team-swiss"]
[EventRounds "6"]
[EventCountry "COL"]
[SourceTitle "CBM 190 Extra"]
[Source "ChessBase"]
[SourceDate "2019.07.15"]
[SourceVersion "1"]
[SourceVersionDate "2019.07.15"]
[SourceQuality "1"]
[WhiteTeam "Valle (W)"]
[BlackTeam "Santander (W)"]
[WhiteTeamCountry "COL"]
[BlackTeamCountry "COL"]

1. e4 c5 2. Nf3 e6 3. d4 cxd4 4. Nxd4 Nf6 5. Nc3 d6 6. Bd3 Nc6 7. Nb3 Be7 8. Qe2 a6 9. Bd2 Qc7 10. 0-0 0-0 11. a4 b6 12. f4 Bb7 13. Rae1 Rfe8 14. g4 Nb4 15. g5 Nxd3 16. cxd3 Nd7 17. Nd4 d5 18. e5 Bc5 19. Be3 Bxd4 20. Bxd4 Nb8 21. Rf3 Nc6 22. Bf2 Ne7 23. Rh3 Nf5 24. Qh5 h6 25. Qg4 1-0

[Event "COL-ch Superate fin-B Girls"]
[Site "Bogota"]
[Date "2016.11.17"]
[Round "1.4"]
[White "Perez Oliveros, Maria Jose"]
[Black "Guerra Verano, Diana"]
[Result "0-1"]
[WhiteElo "1406"]
[BlackElo "1633"]
[PlyCount "56"]
[EventDate "2016.11.17"]
[EventType "swiss (rapid)"]
[EventRounds "5"]
[EventCountry "COL"]
[SourceTitle "EXT 2024"]
[Source "ChessBase"]
[SourceDate "2023.10.10"]
[SourceVersion "1"]
[SourceVersionDate "2023.10.10"]
[SourceQuality "1"]

1. d4 d5 2. e3 e6 3. c4 c6 4. c5 Nf6 5. Nc3 Nbd7 6. Nf3 b6 7. cxb6 axb6 8. Bd3 Ba6 9. Bxa6 Rxa6 10. 0-0 Be7 11. Re1 0-0 12. h3 c5 13. b3 Qb8 14. e4 dxe4 15. Nxe4 Nxe4 16. Rxe4 Nf6 17. Re2 Rd8 18. Rd2 Ne4 19. Re2 Nc3 20. Qd3 Nxe2+ 21. Qxe2 Qa8 22. Bb2 Rxa2 23. Rxa2 Qxa2 24. Qd2 Qxb3 25. Qc3 Qxc3 26. Bxc3 Bf6 27. g4 Bxd4 28. Bxd4 cxd4 0-1

[Event "COL-ch Superate fin-B Girls"]
[Site "Bogota"]
[Date "2016.11.16"]
[Round "4.4"]
[White "Guerra Verano, Diana"]
[Black "Rocha, Angelly"]
[Result "1-0"]
[WhiteElo "1596"]
[BlackElo "1369"]
[PlyCount "79"]
[EventDate "2016.11.15"]
[EventType "swiss"]
[EventRounds "5"]
[EventCountry "COL"]
[SourceTitle "EXT 2024"]
[Source "ChessBase"]
[SourceDate "2023.10.10"]
[SourceVersion "1"]
[SourceVersionDate "2023.10.10"]
[SourceQuality "1"]

1. e4 e5 2. Nf3 Nc6 3. d4 Bd6 4. Bc4 h6 5. Bd5 Nge7 6. 0-0 0-0 7. c4 exd4 8. Bxc6 Nxc6 9. a3 Ne5 10. Nxd4 Nxc4 11. Nf5 Qf6 12. Qg4 Kh7 13. Nc3 Ne5 14. Qh5 Qg6 15. Qd1 b6 16. Nb5 Bb7 17. Nbxd6 cxd6 18. f3 d5 19. Ne7 Qd6 20. Nxd5 Bxd5 21. exd5 Rac8 22. b4 a5 23. Bf4 Rfe8 24. Re1 Qf6 25. Bg3 Rc3 26. f4 Rd3 27. Qc2 Nf3+ 28. gxf3 Rxe1+ 29. Rxe1 Qc3 30. Qxc3 Rxc3 31. bxa5 bxa5 32. Re7 Rxf3 33. Rxf7 Rxa3 34. Rxd7 Rd3 35. Kf1 a4 36. Ke2 Rd4 37. f5 Kg8 38. d6 Rd5 39. Ra7 Rxd6 40. Bxd6 1-0

[Event "Uni De Paula Santander op 2nd"]
[Site "Ocana"]
[Date "2016.09.25"]
[Round "7"]
[White "Guerra Verano, Diana"]
[Black "Rojas Mendoza, Joun Sun"]
[Result "1-0"]
[WhiteElo "1609"]
[BlackElo "1556"]
[PlyCount "97"]
[EventDate "2016.09.23"]
[EventType "swiss"]
[EventRounds "7"]
[EventCountry "COL"]
[SourceTitle "EXT 2018"]
[Source "ChessBase"]
[SourceDate "2017.10.13"]
[SourceVersion "1"]
[SourceVersionDate "2017.10.13"]
[SourceQuality "1"]

1. e4 e5 2. Nf3 Nf6 3. Nc3 Nc6 4. Bc4 Bc5 5. a3 0-0 6. b4 Bb6 7. 0-0 d6 8. h3 Nd4 9. Bb2 c6 10. d3 Nd7 11. Na4 Nxf3+ 12. Qxf3 Bc7 13. b5 c5 14. Nc3 Ba5 15. Qe2 Bxc3 16. Bxc3 Nb6 17. Bb3 Be6 18. f4 Bxb3 19. cxb3 f6 20. Rac1 Qd7 21. a4 Qe6 22. Qb2 Qd7 23. Qa2 a6 24. b4+ Qf7 25. Qxf7+ Rxf7 26. bxa6 Nxa4 27. bxc5 Nxc5 28. axb7 Rxb7 29. fxe5 dxe5 30. Rfd1 Rd7 31. Bb4 Nxd3 32. Rc3 Nc5 33. Rxd7 Nxd7 34. Rc7 Nf8 35. Bxf8 Kxf8 36. Kf2 Ra3 37. h4 h6 38. h5 Ra8 39. Kf3 Re8 40. Kg4 f5+ 41. Kxf5 Rb8 42. Kxe5 Rb5+ 43. Ke6 Rb6+ 44. Kf5 Rf6+ 45. Ke5 Rb6 46. Rd7 Rb5+ 47. Ke6 Rb6+ 48. Rd6 Rb7 49. Rd8# 1-0

[Event "Gachantiva Boyaca Cup"]
[Site "Gachantiva"]
[Date "2016.06.04"]
[Round "1"]
[White "Valderrama Quiceno, Esteban Alberto"]
[Black "Guerra Verano, Diana"]
[Result "1-0"]
[WhiteElo "2417"]
[BlackElo "1587"]
[PlyCount "76"]
[EventDate "2016.06.04"]
[EventType "swiss"]
[EventRounds "6"]
[EventCountry "COL"]
[SourceTitle "CBM 172 Extra"]
[Source "ChessBase"]
[SourceDate "2016.06.21"]
[SourceVersion "1"]
[SourceVersionDate "2016.06.21"]
[SourceQuality "1"]

1. c4 c5 2. Nf3 e6 3. e4 a6 4. Nc3 Qc7 5. d4 cxd4 6. Nxd4 Nf6 7. a3 d6 8. Be2 Nbd7 9. Be3 Be7 10. 0-0 b6 11. f3 Bb7 12. Qd2 Rc8 13. Kh1 0-0 14. Rac1 Qb8 15. Rfd1 Bd8 16. Bg1 Bc7 17. b4 d5 18. cxd5 exd5 19. Nxd5 Nxd5 20. exd5 Bf4 21. Rxc8 Rxc8 22. Qd3 g6 23. Nc6 Qd6 24. Qe4 Bg5 25. h4 Bd8 26. Bh2 Qf6 27. Qg4 Nf8 28. h5 b5 29. Nxd8 Rxd8 30. d6 Qe6 31. Qxe6 Nxe6 32. Be5 f5 33. a4 Bc6 34. axb5 axb5 35. Rc1 Bd7 36. Ra1 Rb8 37. Ra7 Bc8 38. Re7 Ra8 1-0

[Event "COL-ch rapid (Women)"]
[Site "Quibdo"]
[Date "2015.11.09"]
[Round "5"]
[White "Rivera, Ingris"]
[Black "Guerra Verano, Diana"]
[Result "1/2-1/2"]
[WhiteElo "2152"]
[BlackElo "1623"]
[PlyCount "116"]
[EventDate "2015.11.09"]
[EventType "swiss (rapid)"]
[EventRounds "9"]
[EventCountry "COL"]
[SourceTitle "CBM 169 Extra"]
[Source "ChessBase"]
[SourceDate "2015.12.18"]
[SourceVersion "1"]
[SourceVersionDate "2015.12.18"]
[SourceQuality "1"]

1. d4 d5 2. c4 e6 3. Nc3 Nf6 4. cxd5 exd5 5. Bg5 Nbd7 6. e3 c6 7. Bd3 Be7 8. Qc2 0-0 9. Nge2 Re8 10. 0-0 Nf8 11. Bxf6 Bxf6 12. b4 a6 13. a4 g6 14. b5 a5 15. Rfd1 Ne6 16. Rac1 c5 17. dxc5 Nxc5 18. Nxd5 Qxd5 19. Qxc5 Qxc5 20. Rxc5 Be6 21. Nd4 Bxd4 22. exd4 Rad8 23. Bc4 Bxc4 24. Rxc4 Re7 25. f3 f5 26. Kf2 Kf7 27. Kg3 h6 28. h4 Rd6 29. Rd2 b6 30. Kf4 Kf6 31. Rc6 Red7 32. Rdc2 Ke6 33. Ke3 Kd5 34. Rxd6+ Rxd6 35. Kd3 Ke6 36. Rc6 Kd7 37. Rxd6+ Kxd6 38. Kc4 g5 39. hxg5 hxg5 40. g3 Ke6 41. f4 g4 42. d5+ Kd7 43. Kd3 Ke7 44. Kc3 Kd7 45. Kc4 Ke7 46. Kd4 Kd6 47. Kc4 Ke7 48. Kc3 Kd7 49. Kd3 Ke7 50. Ke3 Kd7 51. Kd3 Ke7 52. Kc4 Kd7 53. Kd4 Kd6 54. Kc4 Kd7 55. Kd3 Ke7 56. Ke3 Kd7 57. Kd3 Ke7 58. Ke3 Kd7 1/2-1/2